| 000 | 00848nam a2200313Ia 4500 | ||
|---|---|---|---|
| 003 | OSt | ||
| 005 | 20140321091311.0 | ||
| 008 | 140130s9999 xx 000 0 und d | ||
| 020 | _a9780590688819 | ||
| 050 |
_aPZ 7 _b.En57We 1996 |
||
| 100 | _aEngel, Trudie. | ||
| 245 |
_cTrudie Engel. _aWe'll never forget you, Roberto Clemente / |
||
| 260 |
_bScholastic Inc., _cc1996. _aUSA : |
||
| 300 |
_a106 p. : _bill. ; _c23 cm. |
||
| 440 | _v1 | ||
| 521 | _aG4 | ||
| 526 | _c680 | ||
| 650 |
_aClemente, Roberto, 1934-1972 _xJuvenile literature. Clemente, Roberto, 1934-1972. |
||
| 650 |
_aPittsburgh Pirates (Baseball team) _xJuvenile literature. |
||
| 942 |
_cBK _2lcc |
||
| 999 |
_c41928 _d41928 |
||